000 00570nam a2200217Ia 4500
003 OSt
005 20220926043101.0
006 a|||||r|||| 00| 0
007 ta
008 220923b |||||||| |||| 00| 0 eng d
037 _cGeneral Book
040 _aRTL
_cRTL
_beng
041 _2eng
_aeng
082 _aQ7a58.N5, J4
100 _aSmirnov N A
_9347189
245 0 _aIslam and russia
_b A detailed analysis of an outlim
260 _c1954
650 _aIslam
_9577
942 _hQ7a58.N5, J4
_cGB
_2CC
999 _c671382
_d671382